Computing Concepts. (Record no. 151)

MARC details
005 - DATE AND TIME OF LATEST TRANSACTION
control field 20250616172541.0
020 ## - INTERNATIONAL STANDARD BOOK NUMBER
International Standard Book Number 0-07-283081-6
082 ## - DEWEY DECIMAL CLASSIFICATION NUMBER
Classification number 004 HAA
100 ## - MAIN ENTRY--PERSONAL NAME
Author name HAAG, S.
245 ## - TITLE STATEMENT
Title Computing Concepts.
250 ## - EDITION STATEMENT
Edition statement 2nd Ed.
260 ## - PUBLICATION, DISTRIBUTION, ETC.
Place of publication, distribution, etc. New York,
Name of publisher, distributor, etc. McGraw Hill,
Date of publication, distribution, etc. 2004.
300 ## - PHYSICAL DESCRIPTION
Extent xxiv,428p.: ill.; figure, picture.
Other physical details Glossary & Index.
Dimensions 26cm
700 ## - ADDED ENTRY--PERSONAL NAME
Other authors/Editors CUMMINGS, M. & REA, A. I.
856 ## - ELECTRONIC LOCATION AND ACCESS
Link text Access online book
Electronic name Computer.
Path www.mhhe.com
942 ## - ADDED ENTRY ELEMENTS (KOHA)
Source of classification or shelving scheme Dewey Decimal Classification
Koha item type Books
Holdings
Date last seen Total checkouts Full call number Barcode Cost, replacement price Price effective from Koha item type Lost status Source of classification or shelving scheme Damaged status Not for loan Withdrawn status Home library Current library Shelving location Date acquired Cost, normal purchase price
03/07/2025   004 HAA 000000327 75000.00 03/07/2025 Books   Dewey Decimal Classification       College of Business Education Main Library College of Business Education Main Library General Collection 03/07/2025 25000.00
03/07/2025   004 HAA 000000499 75000.00 03/07/2025 Books   Dewey Decimal Classification       College of Business Education Main Library College of Business Education Main Library General Collection 03/07/2025 25000.00
03/07/2025   004 HAA 000000500 75000.00 03/07/2025 Books   Dewey Decimal Classification       College of Business Education Main Library College of Business Education Main Library General Collection 03/07/2025 25000.00